| 000 | 00555nam a22001937a 4500 | ||
|---|---|---|---|
| 003 | OSt | ||
| 005 | 20140310183027.0 | ||
| 008 | 130216t xxu||||| |||| 00| 0 eng d | ||
| 020 | _a9789719378303 | ||
| 050 |
_aLB 3051 _b.G984 2007 |
||
| 100 | _aGutierrez, Danilo S. | ||
| 245 |
_a Assessment of learning outcomes (cognitive Domain) Book I. / _cDanilo S. Gutierrez |
||
| 260 |
_aMalabon City : _bKeruso Publishing House, _c2007. |
||
| 300 |
_a196 p. : _c22 cm. _bill. ; |
||
| 521 | _aEDU | ||
| 942 |
_2lcc _cBK _kLOC |
||
| 999 |
_c18415 _d18415 |
||